Mathematik: Bruchrechnung - Statistiken

Allgemein
  • Dieses Quiz wurde 197 mal gespielt
  • Das Durchschnittsergebnis liegt bei 8 aus 16
Antwortstatistiken
Aufgabe Lösung % Korrekt
Ein Viertel plus ein Viertel Ein Halb
98%
Ein Viertel plus ein Achtel Drei Achtel
81%
Ein Viertel plus ein Drittel Sieben Zwölftel
64%
Ein Drittel plus ein Sechstel Ein Halb
62%
Ein Halb minus ein Achtel Drei Achtel
58%
Ein Fünftel plus ein Zehntel Drei Zehntel
56%
Ein Viertel mal ein Viertel Ein Sechzehntel
53%
Ein Halb minus ein Sechstel Ein Drittel
50%
Ein Halb plus ein Zehntel Drei Fünftel
49%
Ein Viertel plus ein Zwölftel Ein Drittel
47%
Ein Halb minus ein Drittel Ein Sechstel
46%
Ein Sechstel geteilt durch ein Halb Ein Drittel
44%
Ein Sechstel plus ein Zwölftel Ein Viertel
43%
Ein Zehntel minus ein Zwölftel Ein 60tel
35%
Ein Fünftel plus ein Siebtel Zwölf 35tel
35%
Ein Fünftel plus ein Siebtel minus ein Drittel Ein 105tel
17%
Keine übereinstimmenden Quizze gefunden
Verteilung der Resultate
Anzahl Personen mit jedem Resultat
Perzentil nach korrekt beantworteten Fragen
Ihre Resultats-Entwicklung
Sie haben dieses Quiz noch nicht gespielt